| 000 | 00351nam a2200121Ia 4500 | ||
|---|---|---|---|
| 008 | 160609s9999 xx 000 0 und d | ||
| 100 | _aDey, Subrata. | ||
| 245 | _aHealth Problems In Down Syndrome Ed | ||
| 245 | _cBy:Subrata Dey | ||
| 260 | _c2015 | ||
| 650 | _xDOWN'S SYDNROME | ||
| 856 | _uhttp://file.ebook777.com/002/HeaProInDowSynEd.BySubDey.pdf | ||
| 999 |
_c295876 _d295876 |
||